LEADER 01897nam a2200361 u 4500 001 000000007179 003 CaOOAMICUS 005 20070226104945.0 008 941103s1938 it u000 u ita u 035 $a10186723 040 $aPUL$bita 100 1 $aJacini, Stefano,$cconte,$d1886-1952.$0(OLS)http://pul/name/7280 245 13$aLa crisi religiosa del Risorgimento :$bLa politica ecclesiastica italiana da Villafranca a Porta Pia /$cStefano Jacini. 246 30$aPolitica ecclesiastica italiana da Villafranca a Porta Pia 260 $aBari :$bG. Laterza,$c1938. 300 $a517 p. ;$c20 cm 490 1 $aBiblioteca di cultura moderna ;$v324 504 $aBibliographical footnotes. 610 20$aCatholic Church$zItaly.$2//eng$0(OLS)http://pul/subject/6421 650 0$aChurch and state$zItaly.$2//eng$0(OLS)http://pul/subject/3371 651 4$aItalia$xStoria$y1859-1870.$0(OLS)http://pul/subject/6422 651 4$aItalia$xPolitica ecclesiastica$y1859-1870.$0(OLS)http://pul/subject/6423 651 0$aItaly$xChurch history.$2//eng$0(OLS)http://pul/subject/5362 830 0$aBiblioteca di cultura moderna (Editori Laterza) ;$v324.$0(OLS)http://pul/title/3128 850 $aPUL 852 $aPUL$W1$xDP1 Fondo Maccarrone$y58$m1513 C 23$j10107$nBK-PRI$b $qFondi$B10107$CPULBib$Z2$F10107 $H $81 852 $aPUL$W1$xDP1 Filosofia 1$y19$m612 C 16$j127186$ac. 2$qStampati$B125891$CPULBib$Z2$F125891 $H22208 $82 941 1 $a1 941 1 $a8 961 $aINV: 2975. Fondo Maccarrone. 996 $6245$aLa crisi religiosa del Risorgimento :$bLa politica ecclesiastica italiana da Villafranca a Porta Pia$9(OLS)http://pul/title/10532 996 $6246$aPolitica ecclesiastica italiana da Villafranca a Porta Pia$9(OLS)http://pul/title/10533 996 $6260$aBari :$bG. Laterza$9(OLS)http://pul/publisher/48242 LEADER 01389nam a2200301 u 4500 001 000000007304 003 CaOOAMICUS 005 20070226104953.0 008 941029s1991 ne u000 u fre u 035 $a10190241 040 $aPUL(R)$bita$dPUL(R) 041 0 $afre$aeng$aita 245 03$aUn discussion sur Le ethica del felicitate :$btexto in interlingua con explicationes in Français, English, Italiano /$cBlandino... [et al.]. 250 $a2. ed. 260 $aBeekbergen, Nederland :$bU.M.I.,$c1991. 300 $axviii, 115 p. ;$c21 cm 650 4$aEtica.$0(OLS)http://pul/subject/547 650 4$aBeatitudine eterna.$0(OLS)http://pul/subject/2261 700 1 $aBlandino, Giovanni,$cS.I.,$d1923-$0(OLS)http://pul/name/464 850 $aPUL 852 $aPUL$W1$xDP1 Fondo Giannini$y60$m1555 E 7$j10311$nBK-PRI$b $qFondi$B10311$CPULBib$Z2$F10311 $H $81 852 $aPUL$W1$xSL Filosofia 1$y2$m96 H 112$j10312$nBK-PRI$b $qStampati$B10312$CPULBib$Z2$F10312 $H $81 941 1 $a1 941 1 $a8 961 $aINV: Fondo Giannini 961 $aINV: 69662 996 $6245$aUn discussion sur Le ethica del felicitate :$btexto in interlingua con explicationes in Français, English, Italiano$9(OLS)http://pul/title/10733 996 $6260$aBeekbergen, Nederland :$bU.M.I.$9(OLS)http://pul/publisher/51640